000 00415cam a22001337a 4500
008 180718b1958 xxu||||| |||| 00| 0 eng d
082 _aK935 A166
100 _aAinsworth, Mary D.
245 _aMeasuring security in personal adjustment
_cby Mary D. Ainsworth and Leonard H. Anisworth
260 _aToronto
_bUniv of Tornoto Press
_c1958
300 _a98p.
650 _aPersonality
700 _aAnisworth, Leonard H.
999 _c357184
_d357184